000 00706na a2200253 4500
001 16571
003 MIRAKIL
005 20181213155004.0
008 161011b tu 000 0
020 _a9759778130
035 _a16571
040 _aMilas
_btur
_cTR-AnCHP
041 _atur
082 _a956.223
_bİ45 2003
090 _a956.223 İ45 2003
245 _aİki köprü arası
_cmetin Hacı Tonak
260 _aİstanbul
_bOsmangazi Belediyesi yayınları
_c2003
300 _a255 s.
_bfotg.
_c28x24 sm.
500 _aYapıt yazarından imzalıdır.
651 _aBursa
_xSosyal yaşam ve gelenekler
651 _aBursa
_xFotoğraflar
_yTarih
700 _aTonak, Hacı
942 _2ddc
_cBKS
999 _c4386
_d4386